Anagrammes de légumes - Statistiques

Statistiques générales
  • Ce quiz a été pris 375 fois
    369 depuis la dernière actualisation
  • Le résultat moyen est 12 sur 17
Statistiques - réponses
Hint Réponse % Correct
adirs radis
96%
oripeau poireau
92%
opitorn potiron
91%
egreouttc courgette
89%
rhciaot haricot
87%
onormeccb concombre
85%
eluait laitue
85%
orovinp poivron
81%
totcera carotte
77%
eclier celeri
56%
saipan panais
54%
beugnerai aubergine
51%
presage asperge
50%
fileoun fenouil
50%
ubiortanpom topinambour
48%
deviens endives
36%
pianedsr epinards
35%
Aucun quiz correspondant
Distribution des résultats
% des personnes avec chaque résultat
Percentile par nombre de réponses
Votre historique - résultats
Vous n’avez pas pris ce quiz depuis la dernière actualisation